000 00584nam a2200241 a 4500
001 nice12345678
003 IN_TiNIC
005 20260116011531.0
008 050524s1941 naga grp 000 0 eng
020 _a
_c100
082 0 0 _a275.4
_bPUX
100 _aPuxley, H L
245 _aChristian Land Settlements
260 _aNagpur
_bSt.Francis De Sales` Press
_c1941
300 _a76p
500 _aincludes index and biblioraphy
505 2 _aEpilogue, Notes
650 _aChristianity-India
700 1 _aPuxley, H L
902 _bSRS
942 _cBK
999 _c2396
_d2396